000 00668nam a2200241Ia 4500
003 OSt
005 20220924122203.0
006 a|||||r|||| 00| 0
007 ta
008 220923b |||||||| |||| 00| 0 urd d
024 _a309730
037 _cTextual
040 _aARTS
_cARTS
_burd
041 _2urd
_aurd
082 _aO168v4Q7,N7, N3
100 _aNausahi Gauhar
_9188658
245 0 _aLahore ke chirshti khandan ki urdu khidmat
260 _aLahore
_bMagribi Pakistan India
_c1993
300 _a335p.
_ccm.
650 _aURDU LITERATURE
942 _hO168v4Q7,N7, N3
_cTEXL
_2CC
999 _c410661
_d410661